01980nam a2200349 a 4500001001000000003000900010005001700019007000300036008004100039040002500080082002700105111012300132245007100255246006200326260007200388300002800460500009000488500002000578590002500598611010700623650006600730650006800796650005600864910003800920942001400958952013900972952012701111952012701238952012101365952012701486999001701613000044691DO-SdBNP20230221101016.0ta141216s2014 dr a 000 0 spa d aDO-SdBNPbspacBNPHU 4a021.7bF356d, 20142222 aFeria Internacional del Libron(17ª :d2014 : 24 de abril al 5 de mayocSanto Domingo, República Dominicana)97268810aXVII Feria Internacional del Libro Santo Domingo 2014 :bPrograma.13aDecimoseptima Feria Internacional del Libro Santo Domingo aSanto Domingo :bMinisterio de CulturabEdiciones Ferilibro,c2014. a248 p. :bil. ;c22 cm. aPaís invitado de honor: Panamá, dedicada al poeta nacional Domingo Moreno Jimenes aLeer es primero aInventariado,2019/VM24aFeria internacional del libron(17ª :d2014 :cSanto Domingo, Republica Dominicana)xProgramas972689 4aIndustria del librozRepública DominicanaxProgramas955292 4aFeria del librozRepública Dominicanay2014xProgramas972690 4aLibrosxExposicioneszRepública Dominicana933375 aValidado. Control de calidad. EMS 2ddccLBS1 00102ddc56708DSaBNPHUbBNPHUcHDd2014-12-16eDonaciónoBNPHU DS 021.7 F356d 2014p44691-30r2020-06-25te. 3w2020-06-25yLBS1 00102ddc56708DSaBNPHUbBNPHUcMId2015-01-09oBNPHU DS 021.7 F356d 2014p44691-40r2020-06-25te. 4w2020-06-25yLBS1 00102ddc56708DSaBNPHUbBNPHUcMId2015-01-09oBNPHU DS 021.7 F356d 2014p44691-50r2020-06-25te. 5w2020-06-25yLBS1 00102ddc51708PDaBNPHUbBNPHUcHDd2014-12-16oBNPHU PD 021.7 F356d 2014p44691-10r2020-06-25w2020-06-25yLBS1 00102ddc51708PDaBNPHUbBNPHUcHDd2014-12-16oBNPHU PD 021.7 F356d 2014p44691-20r2020-06-25te. 2w2020-06-25yLBS1 c44180d44180